01811cam a22003854i 4500003000900000005001700009008004100026035002000067040003300087100004100120245013800161264001000299300002200309336002100331337002500352338002300377502005900400504002400459520076500483526001001248526001001258526000901268526000901277526000901286526000901295526000901304526000901313526000901322526000801331526000801339526000801347526000801355526000801363650005401371PE-LiUPU20250731165433.0160302s1994 pe grm 000 0 spa d a(Sirsi) a156356 aPE-LiUPUbspacPE-LiUPUerda1 aYufra Urrutia, Daysi Marleneeaautor1 aAplicaciones de las ecuaciones diferenciales de primer orden, al estudio de la cinemática química /cDaysi Marlene Yufra Urrutia. 0c1994. a112 hojas c30 cm atext2rdacontent aunmediated2rdamedia avolume2rdacarrier aTesisb(Lic.) -- cUniversidad Peruana Unión,d1994. aIncluye referencias3 aEn el plan de estudios de la carrera de educación en la especialidad de matemática y física, se considera la asignatura de matemática II, cuyo contenido contempla el estudio de las ecuaciones diferenciales ordinarias. De la experiencia de haber cursado dicha asignatura surgió la necesidad de conocer las aplicaciones al campo de la cinemática química. Creemos que las aplicaciones de la ciencia matemática a las ciencias factuales es de tal imperativo para el desarrollo de esta. Las aplicaciones y la construcción de modelos referentes a la cinemática química nos permitirá conocer, entender los conceptos de radioactividad, reacciones químicas de primer y segundo orden, reacciones auto catalíticas, reacciones paralelas y otros. aSEG44 aSEG26 aP151 aP150 aP149 aP146 aP145 aP126 aP125 aP92 aP75 aP74 aP27 aP1514aCinemática QuímicaxEcuaciones diferenciales.